000 00404nam a2200145Ia 4500
008 100204s9999 xx 000 0 und d
082 _b7238
100 _aमेहता शशिकला
245 _aसायली
260 _b"स्मिता प्रकाशन, पुणे 30"
_c1984
300 _a150
630 _aसायली
730 _aसायली
942 _cBOOK
999 _c451675
_d451672